Recueil des pieces les plus intéressantes sur le magnétisme animal.
Saved in:
| Other Authors: | , , |
|---|---|
| Format: | Book |
| Language: | French |
| Published: |
[n. p.]
1784.
|
| Subjects: | |
| Tags: |
Add Tag
No Tags, Be the first to tag this record!
|
| LEADER | 02427nam a22003371 4500 | ||
|---|---|---|---|
| 001 | 005346033-2 | ||
| 005 | 20160409131317.0 | ||
| 008 | 840603s1784 xx 000 0 fredd | ||
| 016 | 7 | |a 2513034R |2 DNLM | |
| 035 | 0 | |a ocm14857004 | |
| 040 | |a NLM |c NLM |d HLS | ||
| 050 | 1 | 4 | |a BF1132 |b .R311 1784 |
| 060 | 0 | |a WZ 260 |b R281p 1784 | |
| 245 | 0 | 0 | |a Recueil des pieces les plus intéressantes sur le magnétisme animal. |
| 260 | |a [n. p.] |c 1784. | ||
| 300 | |a 468 p. ; |c 20 cm. | ||
| 500 | |a Collection of works by F. A. Mesmer, A. Court de Gébelin, N. Bergasse and others. | ||
| 500 | |a Intended as a serial, but only this volume published. Cf. A. Dureau, Notes bibl. du mag. animal, p. 55, for this statement and contents. | ||
| 501 | |a With this is bound Bergasse, Nicolas. Considérations sur la magnétisme animal. La Haye, 1784. | ||
| 510 | 4 | |a Gartrell, E. Electricity, |c 1117 | |
| 510 | 4 | |a Dureau, A. Magnétisme animal, |c I, p. 55 | |
| 510 | 4 | |a Blake, J. NLM 18th cent., |c p. 373 | |
| 505 | 0 | |a Mémoire sur la découverte du magnétisme animal / M. Mesmer -- Lettre de l'auteur du Monde primitif, sur le magnétisme animal -- Lettre sur la mort de M. Court de Gébelin -- Dialogue entre un docteur de toutes les universités & académies du monde connu . & un homme de bon sens, ancien malade du docteur -- Deuxieme dialogue entre le même docteur, & son égal en science, dignité & importance -- Lettre d'un médecin de la Faculté de Paris, à un médecin du College de Londres -- Lettre d'un Anglois à un François, sur la découverte du magnétisme animal -- Lettre sur le magnétisme animal, adressée à M. Perdriau, par Charles Moulinié -- Détail de cures opérées à Busancy, près Soissons, par le magnétisme animal -- Détail des cures opérées à Lyon par le magnétisme animal selon les principles de M. Mesmer, par M.M. Orelut; précédé d'une lettre à M. Mesmer -- Nouvelles cures opérées par le magnétisme animal -- Extrait du Journal de Paris du 16 août 1764, no. 229. Cure d'une hydropisie unvierselle, qui a été faite par M. Ters, chirurgien ordinaire du roi, par le moyen du magnetisme animal -- Lettre du M. mesmer à M.***. | |
| 650 | 0 | |a Mesmerism. | |
| 650 | 0 | |a Animal magnetism. | |
| 650 | 1 | 2 | |a Hypnosis. |
| 700 | 1 | |a Court de Gébelin, Antoine, |d 1725-1784. | |
| 700 | 1 | |a Bergasse, Nicolas, |d 1750-1832. | |
| 700 | 1 | |a Mesmer, Franz Anton, |d 1734-1815. | |
| 988 | |a 20020608 | ||
| 906 | |0 OCLC | ||


